Operations management and control : (Record no. 129030)
[ view plain ]
| 000 -LEADER | |
|---|---|
| fixed length control field | 00717nam a22002177a 4500 |
| 005 - DATE AND TIME OF LATEST TRANSACTION | |
| control field | 20170124110050.0 |
| 010 ## - LIBRARY OF CONGRESS CONTROL NUMBER | |
| LC control number | A-949758 |
| 020 ## - INTERNATIONAL STANDARD BOOK NUMBER | |
| Terms of availability | 100.00 |
| International Standard Book Number | 8122500269 |
| 035 ## - SYSTEM CONTROL NUMBER | |
| System control number | A-949758 |
| 037 ## - SOURCE OF ACQUISITION | |
| Source of stock number/acquisition | Cen Lib/Ret |
| 040 ## - CATALOGING SOURCE | |
| Original cataloging agency | DPL |
| Language of cataloging | EN |
| 082 ## - DEWEY DECIMAL CLASSIFICATION NUMBER | |
| Classification number | 658.5 |
| Item number | RAT |
| 100 ## - MAIN ENTRY--PERSONAL NAME | |
| Personal name | Rathnam, P. V |
| 9 (RLIN) | 25163 |
| 245 ## - TITLE STATEMENT | |
| Title | Operations management and control : |
| Statement of responsibility, etc | by P. V. Rathnam |
| Remainder of title | theory, problems and solutions / |
| 260 ## - PUBLICATION, DISTRIBUTION, ETC. (IMPRINT) | |
| Place of publication, distribution, etc | Allahabad |
| Name of publisher, distributor, etc | Kitab Mahal |
| Date of publication, distribution, etc | 1997 |
| 270 ## - ADDRESS | |
| Address | 22-A, Sarojini Naidu Marg |
| City | Allahabad |
| 300 ## - PHYSICAL DESCRIPTION | |
| Extent | ii,536p. : |
| Dimensions | 21cmHb) |
| Other physical details | ill. |
| 650 ## - SUBJECT ADDED ENTRY--TOPICAL TERM | |
| Topical term or geographic name as entry element | Information technology -- India -- Management |
| 9 (RLIN) | 25164 |
| 650 ## - SUBJECT ADDED ENTRY--TOPICAL TERM | |
| Topical term or geographic name as entry element | Information technology -- Management |
| 9 (RLIN) | 25165 |
| 942 ## - ADDED ENTRY ELEMENTS (KOHA) | |
| Source of classification or shelving scheme | Dewey Decimal Classification |
| Koha item type | English Books |
| Classification part | 658.5 |
| Call number suffix | RAT |
| Withdrawn status | Lost status | Damaged status | Not for loan | Home library | Current library | Date acquired | Source of acquisition | Cost, normal purchase price | Total Checkouts | Full call number | Barcode | Date last seen | Copy number | Cost, replacement price | Price effective from | Koha item type |
|---|---|---|---|---|---|---|---|---|---|---|---|---|---|---|---|---|
| Withdrawn | Central Library | Central Library | 04/07/2015 | Cen Lib/Ret | 100.00 | 658.5 RAT | A-949758 | 04/07/2015 | 1 | 100.00 | 04/07/2015 | English Books |
